Most Populous Countries Not The Most Populous A-Z - Statistics

General Stats
  • This quiz has been taken 13 times
    9 since last reset
  • The average score is 9 of 20
Answer Stats
Pop. Country (Less Populous Than...) % Correct
288 mil Indonesia (India)
100%
178 mil Bangladesh (Brazil)
89%
70.4 mil United Kingdom (United States)
89%
120 mil Egypt (Ethiopia)
67%
118 mil Philippines (Pakistan)
67%
51.6 mil South Korea (South Africa, Sudan)
56%
46.0 mil Argentina (Algeria)
44%
53.9 mil Colombia (China)
44%
53.1 mil Sudan (South Africa)
44%
44.9 mil Afghanistan (Algeria, Argentina)
33%
40.4 mil Canada (China, Colombia)
33%
93.1 mil Iran (India, Indonesia)
33%
55.1 mil Myanmar (Mexico)
33%
47.9 mil Spain (South Africa, Sudan, South Korea)
33%
72.3 mil Tanzania (Turkey)
33%
71.6 mil Thailand (Turkey, Tanzania)
33%
40.1 mil Angola (Algeria, Argentina, Afghanistan)
22%
47.9 mil Iraq (India, Indonesia, Iran, Italy)
22%
59.0 mil Italy (India, Indonesia, Iran)
22%
52.6 mil Uganda (United States, United Kingdom)
22%
No matching quizzes found
Score Distribution
Percent of People with Each Score
Percentile by Number Answered
Your Score History
You have not taken this quiz since the last reset